00338 a2200133 4500003000400000005001700004008004100021040000900062082001500071100001600086245006800102260002500170300000900195OSt20240112160639.0240112b |||||||| |||| 00| 0 eng d coclc a297bNAD/H aNadvi, M M aHajj, Umrah karmareethiyum kaabaalaya charithravum /cM M Nadvi aKerala:bKNM,c2017. a192p